Sports Quiz

Random Sports or NBA Quiz
Score 0/26 Timer 07:00
11 Plays Today
# of 60-point Games Player % Correct
6Kobe Bryant
95.7%
32Wilt Chamberlain
95.1%
5Michael Jordan
94.8%
1LeBron James
91.3%
1James Harden
76.7%
1Larry Bird
70.7%
1Devin Booker
65.9%
1Shaquille O'Neal
64.8%
1Klay Thompson
62.3%
1Jerry West
62.2%
1Carmelo Anthony
62.2%
1Allen Iverson
58.3%
1David Robinson
54.7%
# of 60-point Games Player % Correct
1Karl Malone
52.2%
1Tracy McGrady
43.1%
4Elgin Baylor
42.2%
1David Thompson
39.5%
1George Mikan
36.7%
1Kemba Walker
35.6%
1George Gervin
34.2%
1Pete Maravich
30.3%
1Bernard King
26.1%
1Rick Barry
24.4%
1Gilbert Arenas
23%
1Tom Chambers
10.9%
1Joe Fulks
7%
Remove Ads.
Support Sporcle.
Get the best of Sporcle when you Go Orange. This ad-free experience offers more features, more stats, and more fun while also helping to support Sporcle. Thank you for becoming a member.

You're not logged in!

Compare scores with friends on all Sporcle quizzes.
OR
Log In

Sporcle TV

Today on Sporcle TV


Watch our educational content, quiz creation guides, and fun videos on Sporcle TV.

Show Comments

Extras

Top Quizzes Today


Score Distribution

Paid Content

Your Account Isn't Verified!

In order to create a playlist on Sporcle, you need to verify the email address you used during registration. Go to your Sporcle Settings to finish the process.

Report this User

Report this user for behavior that violates our Community Guidelines.

Details: